000 nam a22 7a 4500
999 _c10091
_d10091
008 180212b ||||| |||| 00| 0 eng d
100 _96110
_aPEALE.N.V
245 _aTHE POWER OF OSTIVE THINKING
260 _aLONDON
_bVERMILIAN
_c2004